00321 a2200109 4500001000700000020000600007040001100013100003900024240007200063245006700135362000900202167357 a  cMagnum aMarcellino, Nelson Carvalho (Org.)10aPoliticas publicas setoriais de lazer: o papel das prefeituraslpor10aPoliticas publicas setoriais de lazer: o papel das prefeituras0 a1899